000 00536cam a22002171 4500
001 sa 68003905
003 DLC
005 20260227112457.0
008 890815s1967 ii 000 1 orio
010 _asa 68003905
035 _a(OCoLC)20181321
040 _aDLC
_cWaU
_dDLC
042 _apremarc
050 0 0 _aPK2578
_b.M5
100 1 _aMisra, Gopal Chandra,
_d1925-
245 1 0 _aKetoṭi ādhunika kshudra gaḷpa.
260 _c[1967]
300 _a128 p.
_c18 cm.
500 _aIn Oriya.
650 0 _aShort stories, Oriya.
999 _c79833
_d79833